Missing Word: Colored Phrases Quiz Stats

 Plays Quiz Updated Mar 16, 2019

Score 0/16 Timer 04:00
0 Plays Today
Hint Answer % Correct
Prince's 1984 album: Purple _____Rain
95.3%
A path believed to lead to success or adventure: yellow _____ roadbrick
95%
Receive notice to quit your job: Get a pink _____ slip
93.5%
Not very often: once in a blue _____moon
92.8%
To welcome someone with great ceremony: put out the red _____carpet
92.6%
To receive permission to proceed with an action: get the green _____ light
92%
Dated Movies, or the movie industry collectively: the silver _____screen
86.4%
Official, bureaucratic rules or methods: red _____tape
85.1%
Hint Answer % Correct
Phrase meaning jealousy: green-eyed _____monster
83.1%
Windows fatal system error: blue screen of _____death
75.8%
A tendency to be cowardly or easily frightened: a yellow _____streak
75.7%
Be very drunk indeed: See pink _____elephants
70.7%
A large severance package given to an executive who leaves a company: a golden _____handshake
63.2%
Flowery written language: purple _____prose
60.7%
Something with the potential to earn a lot of money for a long period of time: golden _____goose
55%
An elderly person who is a proficient user of the Internet: silver _____surfer
53.8%

Today's Daily Dose

Missing Word
Banned Books (A-Z)

Word Ladder
Janis Joplin

Get the Picture
Occupations

You're not logged in!

Compare scores with friends on all Sporcle quizzes.
OR
Log In

Sporcle TV

Today on Sporcle TV


Watch our educational content, quiz creation guides, and fun videos on Sporcle TV.

Show Comments

Extras

Top Quizzes Today


Score Distribution

Your Account Isn't Verified!

In order to create a playlist on Sporcle, you need to verify the email address you used during registration. Go to your Sporcle Settings to finish the process.

Report this User

Report this user for behavior that violates our Community Guidelines.

Details: